PvZ2 Mints - Statistics

General Stats
  • This quiz has been taken 308 times
    303 since last reset
  • The average score is 6 of 12
Answer Stats
Hint Answer % Correct
F Fila-mint
66%
P Pepper-mint
59%
B Bombard-mint
53%
A Ail-mint
52%
R Reinforce-mint
49%
A Appease-mint
47%
S Spear-mint
46%
A Arma-mint
43%
W Winter-mint
43%
E Enforce-mint
42%
E Enchant-mint
38%
C Contain-mint
35%
No matching quizzes found
Score Distribution
Percent of People with Each Score
Percentile by Number Answered
Your Score History
You have not taken this quiz since the last reset